000 00433nam a22001337a 4500
003 SGT
020 _a9788126720842
082 _a820
_bH11B
100 _aबरनवाल, वीरेंद्र कुमार
245 _aहिन्द स्वराज : नव सभ्यता विमर्श
260 _bराजकमल प्रकाशन प्रा. लि.
_c2011
300 _a322
942 _2ddc
_cBK
999 _c29299
_d29299